000 00869nam a2200265 i 4500
001 bg
100 1 _aBRANOWSKI, Bogdan
245 1 0 _aMetody twórczego rozwiązywania problemów inżynierskich /
_cBogdan Bronowski.
260 _aPoznań :
_bWielkoposka Korporacja Techniczna NOT,
_c1999.
300 _a195 s. :
_brys., wykr. ;
_c24 cm.
490 1 _aNowe Konstrukcje - Nowe Technologie =
_aPrace Naukowe ;
_vT.1
504 _aBibliogr. przy rozdz.
650 9 _aTwórczość
_apsychologia
650 9 _aHeurystyka
_xmetody
650 9 _aInnowacje
_xzagadnienia
650 9 _aProjektowanie
_xmetody
830 0 _aNowe Konstrukcje - Nowe Technologie ;
_vT.1
020 _a8386707801
040 _cBPK
041 0 _apl
080 _a159.955:167/168:001.894/.895](075.8)
920 _a83-86707-80-1
942 _cKS
008 s pl f |000 0 pol
999 _c34737
_d34737
856 _uhttp://koha.tu.koszalin.pl/cgi-bin/koha/opac-detail.pl?biblionumber=34737
_yKatalog online BPK